16 logos #3 - Statistics

General Stats
  • This quiz has been taken 172 times
  • The average score is 9 of 16
Answer Stats
Picture Answer % Correct
Apple
100%
Google
100%
Starbucks
100%
Youtube
98%
Amazon
95%
Lego
95%
Android
94%
American Airlines
58%
Emirates
37%
KLM
31%
British Airways
28%
Korean Air
28%
Iberia
22%
Air New Zealand
17%
South African Airways
17%
Fleur-de-lis
8%
No matching quizzes found
Score Distribution
Percent of People with Each Score
Percentile by Number Answered
Your Score History
You have not taken this quiz